Statistics for Spider-Man Films by Box Office Gross

Click here to take the quiz!

General Stats

  • This quiz has been taken 38 times
  • The average score is 8 of 9

Answer Stats

GrossMovie% Correct
$894,983,373Spider-Man 3
100%
$1,161,281,164Spider-Man: No Way Home
100%
$1,131,927,996Spider-Man: Far From Home
97%
$825,025,036Spider-Man
91%
$880,166,924Spider-Man: Homecoming
91%
$788,976,453Spider-Man 2
88%
$757,930,663The Amazing Spider-Man
88%
$708,982,323The Amazing Spider-Man 2
88%
$375,540,831Spider-Man Into the Spider-Verse
78%

Score Distribution

Percentile by Number Answered

Percent of People with Each Score

Your Score History

You have not taken this quiz